|
|
|
|
| LEADER |
00000nab a2200000 a 4500 |
| 001 |
vtls008944097 |
| 003 |
SK-MaSNL |
| 005 |
20260303070931.0 |
| 008 |
070208c2006 xo drz 0 0slo |
| 038 |
|
|
|a KEVKJB
|
| 040 |
|
|
|a KEVKJB
|b slo
|c KEVKJB
|e AACR2
|
| 041 |
0 |
|
|a slo
|
| 044 |
|
|
|a xo
|c SK
|
| 080 |
|
|
|a 061.237-057.75
|2 2001
|
| 100 |
1 |
|
|a Rajňáková, Janka
|4 aut
|9 749890
|
| 245 |
1 |
0 |
|a Dôchodcovia oslavovali
|c Janka Rajňáková
|
| 300 |
|
|
|b Fotogr.
|
| 610 |
2 |
7 |
|a Klub dôchodcov (Košice - Ťahanovce, Slovensko : sídlisko)
|2 kevkjb
|9 1068992
|
| 650 |
0 |
7 |
|a seniori
|2 snkbucl
|9 117453
|
| 651 |
|
7 |
|a Košice (Slovensko)
|2 kevkjb
|9 18694
|
| 651 |
|
7 |
|a Sídlisko Ťahanovce (Košice I, Slovensko)
|2 snkbucl
|9 176886
|
| 773 |
0 |
|
|t Ťahanovské noviny
|g Roč. III, č. 3 (2006), s. 8
|
| 852 |
|
|
|a KEVKJB
|b KIS3GCP
|
| 999 |
|
|
|c 1757585
|d 1759515
|